<?xml version="1.0" encoding="UTF-8"?>
<collection xmlns:xsi="http://www.w3.org/2001/XMLSchema-instance" xsi:schemaLocation="http://www.loc.gov/MARC21/slim http://www.loc.gov/standards/marcxml/schema/MARC21slim.xsd" xmlns="http://www.loc.gov/MARC21/slim">
 <record>
  <leader>00000nam a2200000 i 4500</leader>
  <controlfield tag="001">UP-8027258850631525881</controlfield>
  <controlfield tag="003">Buklod</controlfield>
  <controlfield tag="005">20251014112317.0</controlfield>
  <controlfield tag="006">m    |o  d |      </controlfield>
  <controlfield tag="007">ta</controlfield>
  <controlfield tag="008">241009s2023    nyua    r   b|001 0|eng d</controlfield>
  <datafield tag="020" ind1=" " ind2=" ">
   <subfield code="a">9781032025186</subfield>
   <subfield code="a">(paperback)</subfield>
  </datafield>
  <datafield tag="035" ind1=" " ind2=" ">
   <subfield code="a">22455531</subfield>
  </datafield>
  <datafield tag="040" ind1=" " ind2=" ">
   <subfield code="a">DLC</subfield>
   <subfield code="d">DEDUC</subfield>
   <subfield code="e">rda</subfield>
  </datafield>
  <datafield tag="041" ind1=" " ind2=" ">
   <subfield code="a">eng</subfield>
  </datafield>
  <datafield tag="090" ind1=" " ind2=" ">
   <subfield code="a">LC 191.4 </subfield>
   <subfield code="b">K45 2023</subfield>
  </datafield>
  <datafield tag="100" ind1="1" ind2=" ">
   <subfield code="a">Keifer-Boyd, Karen T.</subfield>
   <subfield code="d">1955-</subfield>
   <subfield code="e">author.</subfield>
  </datafield>
  <datafield tag="245" ind1="1" ind2="0">
   <subfield code="a">Teaching and assessing social justice art education</subfield>
   <subfield code="b">power, politics, and possibilities</subfield>
   <subfield code="c">Karen Keifer-Boyd [and five others].</subfield>
  </datafield>
  <datafield tag="264" ind1=" " ind2="1">
   <subfield code="a">New York, NY</subfield>
   <subfield code="b">Routledge, Taylor &amp; Francis Group</subfield>
   <subfield code="c">2023.</subfield>
  </datafield>
  <datafield tag="300" ind1=" " ind2=" ">
   <subfield code="a">xiii, 175 pages</subfield>
   <subfield code="b">illustrations</subfield>
   <subfield code="c">24 cm.</subfield>
  </datafield>
  <datafield tag="336" ind1=" " ind2=" ">
   <subfield code="a">text</subfield>
   <subfield code="2">rdacontent</subfield>
  </datafield>
  <datafield tag="337" ind1=" " ind2=" ">
   <subfield code="a">unmediated</subfield>
   <subfield code="2">rdamedia</subfield>
  </datafield>
  <datafield tag="338" ind1=" " ind2=" ">
   <subfield code="a">volume</subfield>
   <subfield code="2">rdacarrier</subfield>
  </datafield>
  <datafield tag="504" ind1=" " ind2=" ">
   <subfield code="a">Includes bibliographical references and index.</subfield>
  </datafield>
  <datafield tag="505" ind1="0" ind2=" ">
   <subfield code="a">Assess social justice art education -- Investigate systemic oppression -- Inspire decolonial actions -- Decenter white patriarchal norms -- Dismantle power differentials -- Include difference -- Become upstanders to injustice -- Integrate social justice art education principles.</subfield>
  </datafield>
  <datafield tag="520" ind1=" " ind2=" ">
   <subfield code="a">&quot;This incisive and wholly practical book offers a hands-on guide to developing and assessing social justice art education for K-12 art educators by providing theoretically grounded, social justice art education assessment strategies. Recognizing the increased need to base the K-12 curriculum in social justice education, the authors ground the book in six social justice principles - conceptualized through art education - to help teachers assess and develop curriculum, design pedagogy, and foster social justice learning environments. From encouraging teachers to be upstanders to injustice to engaging in decolonial action, this book provides a thorough guide to facilitating and critiquing social justice art education and engaging in reflexive praxis as educators. Rich in examples and practical application, this book provides a clear pathway for art educators to connect social justice art education with real-life educational assessment expectations: 21st-century learning, literacy, social skills, teacher performance-based assessment, and National Core Art Standards, making this text an invaluable companion to art educators and facilitators alike. Karen Keifer-Boyd is Professor of Art Education and Women's, Gender, and Sexuality Studies at The Pennsylvania State University, USA. Wanda B. Knight is Assistant Dean for Diversity, Equity, and Inclusion and Associate Professor of Art Education, African American Studies, and Women's, Gender and Sexuality Studies at Penn State University (Harrisburg), USA, and is President-elect of the National Art Education Association. Adetty Pérez de Miles is Associate Professor of Art Theory and Practice and the Art Education Program Coordinator at Texas State University, USA. Cheri Ehrlich is Assistant Professor in Art Education at Alfred University in Alfred, New York, USA. Yen-Ju Lin is an art educator and instructional technologist. She holds a Ph.D. in Art Education from The Pennsylvania State University, USA. Ann Holt is currently teaching graduate and undergraduate courses in art and design education as a Visiting Assistant Professor at Pratt Institute and an Adjunct Professor at Adelphi University, USA&quot;--</subfield>
   <subfield code="c">Provided by publisher.</subfield>
  </datafield>
  <datafield tag="650" ind1=" " ind2="0">
   <subfield code="a">Social justice and education</subfield>
   <subfield code="z">United States.</subfield>
  </datafield>
  <datafield tag="650" ind1=" " ind2="0">
   <subfield code="a">Art</subfield>
   <subfield code="x">Study and teaching (Elementary)</subfield>
   <subfield code="z">United States.</subfield>
  </datafield>
  <datafield tag="650" ind1=" " ind2="0">
   <subfield code="a">Art</subfield>
   <subfield code="x">Study and teaching (Secondary)</subfield>
   <subfield code="z">United States.</subfield>
  </datafield>
  <datafield tag="650" ind1=" " ind2="0">
   <subfield code="a">Art in education</subfield>
   <subfield code="x">Social aspects</subfield>
   <subfield code="z">United States.</subfield>
  </datafield>
  <datafield tag="700" ind1="1" ind2=" ">
   <subfield code="a">Knight, Wanda B. </subfield>
   <subfield code="e">author.</subfield>
  </datafield>
  <datafield tag="700" ind1="1" ind2=" ">
   <subfield code="a">Pérez de Miles, Adetty</subfield>
   <subfield code="e">author.</subfield>
  </datafield>
  <datafield tag="700" ind1="1" ind2=" ">
   <subfield code="a">Ehrlich, Cheri E.</subfield>
   <subfield code="e">author.</subfield>
  </datafield>
  <datafield tag="700" ind1="1" ind2=" ">
   <subfield code="a">Yen-Ju, Lin</subfield>
   <subfield code="e">author.</subfield>
  </datafield>
  <datafield tag="700" ind1="1" ind2=" ">
   <subfield code="a">Holt, Ann</subfield>
   <subfield code="e">author.</subfield>
  </datafield>
  <datafield tag="905" ind1=" " ind2=" ">
   <subfield code="a">FO</subfield>
  </datafield>
  <datafield tag="852" ind1="0" ind2=" ">
   <subfield code="a">UPD</subfield>
   <subfield code="b">DCPA</subfield>
   <subfield code="h">LC 191.4</subfield>
   <subfield code="i">K45 2023</subfield>
  </datafield>
  <datafield tag="852" ind1="0" ind2=" ">
   <subfield code="a">UPD</subfield>
   <subfield code="b">DEDUC</subfield>
   <subfield code="h">LC 191.4</subfield>
   <subfield code="i">K45 2023</subfield>
  </datafield>
  <datafield tag="942" ind1=" " ind2=" ">
   <subfield code="a">Book</subfield>
  </datafield>
 </record>
</collection>
